000 00686nam a22002297a 4500
005 20240530110625.0
008 170103s2014 ua g 000 f ara d
017 _a2014/4889
_bمصر. دار الكتب
020 _a9789770932926
040 _aEG-CaGPL
_cEG-CaGPL
082 0 4 _221
_a813.03\
_bأ أ
100 0 _aاحمد مراد
245 1 0 _a1919 /
_cاحمد مراد
250 _aط. 4
260 _aالقاهرة :
_bدار الشروق ،
_c2014.
300 _a446 ص. ؛
_c19 سم.
650 0 7 _2qrmak
_aالادب العربى
650 0 7 _2qrmak
_aالقصص العربية
651 _2qrmak
942 _2ddc
_cBK
999 _c63142
_d63142